SAMI 2017 IEEE 15th International Symposium on Applied Machine Intelligence and Informatics, January, 26-28, 2017, Herľany, Slovakia

Na minha lista:
Detalhes bibliográficos
Autor Corporativo: IEEE International Symposium on Applied Machine Intelligence and Informatics. Herľany, Slovakia
Formato: Conference Proceeding Livro
Idioma:inglês
Publicado em: IEEE, 2017
Edição:1. vyd.
Tags: Adicionar Tag
Sem tags, seja o primeiro a adicionar uma tag!

MARC

LEADER 00000nam a22000003a 4500
001 0021665
003 SK-STU
005 20170201101736.3
007 ta
008 170201s ----xo-----e------100-0-----d
020 |a 978-1-5090-5654-5 
040 |a STU  |b slo 
041 0 |a eng 
044 |a xo 
111 2 |a IEEE International Symposium on Applied Machine Intelligence and Informatics.  |n 15th  |d 26. - 28. 01. 2017 :  |c Herľany, Slovakia 
245 1 0 |a SAMI 2017  |h [elektronický zdroj] :  |b IEEE 15th International Symposium on Applied Machine Intelligence and Informatics, January, 26-28, 2017, Herľany, Slovakia 
250 |a 1. vyd. 
260 |b IEEE,  |c 2017 
300 |a CD-ROM 
996 |b 284M087069  |c M* CD-2627  |l MMKN  |s A  |a 24  |w 0021665_0001